| 000 | 00873cab a2200241 4500 | ||
|---|---|---|---|
| 001 | WB3125-19 | ||
| 008 | 090401t1995 xxu||||| |||| 00| 0 eng d | ||
| 035 | _a(Sirsi) u15190 | ||
| 041 | _aeng | ||
| 245 | _aLending on property | ||
| 260 | _c1995 | ||
| 350 | _a0 | ||
| 490 |
_aEstates Gazette _v(9525) 24 June 1995, 64(1) |
||
| 520 | _aAccording to the Richard Ellis/Gallup survey, although 48% of banks are prepared to increase their lending on property, only 30% of investors were prepared to increase their borrowing. Also surveyed factors, which affect lending to property. | ||
| 650 | _aBANK LENDING | ||
| 650 | _aFORECASTS | ||
| 650 | _aINVESTMENT INTENTIONS | ||
| 650 | _aPROPERTY CONFIDENCE | ||
| 690 | _aPROPERTY-COMMERCIAL PROPERTY-COMMERCIAL PROPERTY FINANCE AND INVESTMENT | ||
| 690 | _aFINANCE AND INVESTMENT | ||
| 942 | _n0 | ||
| 948 | _c04/03/1997 | ||
| 999 |
_c9935 _d9935 |
||